[Event "I Open Distrito de Chamartin 2012"]
[Site "Madrid ESP"]
[Date "2012.09.13"]
[Round "6.22"]
[White "Maseda Iglesias, Luis"]
[Black "Santamaria Baeza, Adolfo"]
[Result "1/2-1/2"]
[WhiteElo "1734"]
[BlackElo "1897"]
[PlyCount "139"]
[EventDate "2012.09.09"]
[EventType "swiss"]
[EventRounds "9"]
[EventCountry "ESP"]
[Source "lmi"]
[SourceDate "2012.09.09"]

1. d4 Nf6 2. Nf3 e6 3. e3 c5 4. Bd3 d5 5. b3 Bd7 6. O-O b5 7. dxc5 Bxc5 8. Qe2
a6 9. Bb2 Bd6 10. Nbd2 Bc6 11. Rfd1 Nbd7 12. c4 bxc4 13. bxc4 e5 14. cxd5 Bxd5
15. e4 Be6 16. Nc4 Bxc4 17. Bxc4 Qc7 18. Rac1 Qb8 19. Bxa6 O-O 20. Bc4 Nc5 21.
Rxd6 Qxd6 22. Bxe5 Qe7 23. Bxf6 Qxf6 24. Bd5 Rac8 25. h3 Qf4 26. Re1 Na4 27.
Qe3 Qb8 28. Bb3 Nc3 29. Nd2 Qa8 30. Nc4 Na4 31. Nd6 Rb8 32. Qf4 Qa5 33. Rf1 Qa7
34. e5 Nc3 35. Qf3 Qc7 36. Kh1 Nb5 37. Nxb5 Rxb5 38. e6 Rc5 39. exf7+ Kh8 40.
g3 Rc3 41. Qe2 h6 42. Qe8 Qb7+ 43. Kh2 Rc8 44. Qe3 Qb5 45. Re1 Rcd8 46. Qe4 Qb6
47. Re2 g6 48. h4 Kg7 49. Qe5+ Qf6 50. Qxf6+ Kxf6 51. Kg2 Kg7 52. Kh2 Rb8 53.
Kg2 Rb4 54. Re8 g5 55. Rxf8 Kxf8 56. hxg5 hxg5 57. Kf3 Ke7 58. Ke3 Rb8 59. Ke4
Rb5 60. f4 Rb4+ 61. Kf5 gxf4 62. gxf4 Rb6 63. Kg5 Ra6 64. f5 Rb6 65. Be6 Kf8
66. Kf4 Rd6 67. Ke5 Rd1 68. Bd5 Ke7 69. a4 Ra1 70. Be6 1/2-1/2

[Event "I Open Distrito de Chamartin 2012"]
[Site "Madrid ESP"]
[Date "2012.09.13"]
[Round "6.23"]
[White "De La Orden Alcocer, Alejandro"]
[Black "Arias De Reina Martinez, Francisco"]
[Result "1-0"]
[WhiteElo "1857"]
[BlackElo "1614"]
[PlyCount "55"]
[EventDate "2012.09.09"]
[EventType "swiss"]
[EventRounds "9"]
[EventCountry "ESP"]
[Source "lmi"]
[SourceDate "2012.09.09"]

1. Nf3 Nf6 2. c4 c5 3. Nc3 Nc6 4. e3 g6 5. d4 cxd4 6. exd4 d5 7. h3 Bg7 8. Bg5
Ne4 9. Be3 Nxc3 10. bxc3 O-O 11. Be2 b6 12. Qa4 Bd7 13. Qa3 dxc4 14. Bxc4 Na5
15. Be2 Rc8 16. Bf4 Be6 17. O-O Bc4 18. Rfe1 Re8 19. Bg5 Qc7 20. Bxc4 Nxc4 21.
Qa4 e5 22. Re2 e4 23. Nd2 h6 24. Be3 Nb2 25. Qa6 Qxc3 26. Nb3 Qc4 27. Qxc4 Rxc4
28. Rxb2 1-0

[Event "I Open Distrito de Chamartin 2012"]
[Site "Madrid ESP"]
[Date "2012.09.13"]
[Round "6.24"]
[White "Monge Gilgado, Eva Maria"]
[Black "Cabeza Hernandez, Guillermo"]
[Result "1-0"]
[WhiteElo "1856"]
[BlackElo "1546"]
[PlyCount "73"]
[EventDate "2012.09.09"]
[EventType "swiss"]
[EventRounds "9"]
[EventCountry "ESP"]
[Source "lmi"]
[SourceDate "2012.09.09"]

1. e4 e5 2. Bc4 d6 3. Nf3 Be7 4. c3 Nf6 5. d3 O-O 6. O-O Re8 7. Re1 Bf8 8. Qb3
Qe7 9. Ng5 Be6 10. Nxe6 fxe6 11. Qxb7 Nbd7 12. Qxc7 Rec8 13. Qa5 Nb6 14. Nd2
Rc5 15. Qa6 Qc7 16. b4 Rc6 17. Bxe6+ Kh8 18. Qb5 Rb8 19. Qa5 Rxc3 20. Bc4 Qb7
21. Ba6 Qc6 22. Bb2 Rc2 23. Rac1 Ne8 24. Bb5 Qc7 25. Bxe8 Rxe8 26. Nc4 Rxc1 27.
Rxc1 Qb7 28. Nxb6 axb6 29. Qd5 Qa7 30. b5 Qa5 31. g3 Ra8 32. a3 h6 33. d4 Re8
34. dxe5 dxe5 35. Bxe5 Qxa3 36. Rc6 Bc5 37. Rxh6# 1-0

[Event "I Open Distrito de Chamartin 2012"]
[Site "Madrid ESP"]
[Date "2012.09.13"]
[Round "6.25"]
[White "Martin Garcia, Francisco Javier"]
[Black "Aguado Rodriguez, Guillermo"]
[Result "1-0"]
[WhiteElo "1609"]
[BlackElo "1881"]
[PlyCount "25"]
[EventDate "2012.09.09"]
[EventType "swiss"]
[EventRounds "9"]
[EventCountry "ESP"]
[Source "lmi"]
[SourceDate "2012.09.09"]

1. e4 e6 2. d4 d5 3. Nd2 c5 4. c3 Nc6 5. Ngf3 cxd4 6. cxd4 Qb6 7. Bd3 Bd7 8.
O-O dxe4 9. Nxe4 O-O-O 10. Be3 Qa5 11. Qe2 Kb8 12. Rac1 Nb4 13. Bf4+ 1-0

[Event "I Open Distrito de Chamartin 2012"]
[Site "Madrid ESP"]
[Date "2012.09.13"]
[Round "6.26"]
[White "Martinez Rubio, Felipe"]
[Black "Garcia Otero, Pedro"]
[Result "1-0"]
[WhiteElo "1835"]
[BlackElo "1733"]
[PlyCount "83"]
[EventDate "2012.09.09"]
[EventType "swiss"]
[EventRounds "9"]
[EventCountry "ESP"]
[Source "lmi"]
[SourceDate "2012.09.09"]

1. e4 d5 2. exd5 Qxd5 3. Nc3 Qe5+ 4. Be2 c6 5. Nf3 Qc7 6. d4 Bf5 7. O-O Nf6 8.
Ne5 e6 9. f4 h5 10. Nf3 Bd6 11. Ne5 Nbd7 12. Bf3 Nb6 13. Qe2 O-O-O 14. a3 Nfd5
15. Nxd5 Nxd5 16. c4 Nf6 17. b4 Bxe5 18. dxe5 Bd3 19. Qf2 Ng4 20. Qxa7 Bxf1 21.
Bxg4 hxg4 22. Kxf1 Rd1+ 23. Ke2 Rhd8 24. Qa8+ Qb8 25. Qa4 R8d2+ 26. Bxd2 Rxa1
27. Be3 Kd7 28. b5 Ke8 29. Bc5 b6 30. bxc6 Qc7 31. Bd6 Ra2+ 32. Ke3 b5 33. Qxb5
Qa7+ 34. Kd3 Rxa3+ 35. Bxa3 Qxa3+ 36. Kd4 Qa1+ 37. Kc5 Qg1+ 38. Kb4 Qb1+ 39.
Ka5 Qa1+ 40. Kb6 Qd4+ 41. c5 Qd8+ 42. c7+ 1-0

[Event "I Open Distrito de Chamartin 2012"]
[Site "Madrid ESP"]
[Date "2012.09.13"]
[Round "6.29"]
[White "Corredor San Jose, Antonio"]
[Black "Algaba Traspuesto, Jose Antonio"]
[Result "1-0"]
[WhiteElo "1838"]
[BlackElo "1646"]
[PlyCount "121"]
[EventDate "2012.09.09"]
[EventType "swiss"]
[EventRounds "9"]
[EventCountry "ESP"]
[Source "lmi"]
[SourceDate "2012.09.09"]

1. e4 d5 2. Nc3 dxe4 3. Nxe4 Bf5 4. Ng3 Bg6 5. Nf3 Nf6 6. Bc4 e6 7. d4 c6 8. c3
Nbd7 9. Bg5 h6 10. Bxf6 Qxf6 11. Qe2 Bd6 12. O-O O-O 13. Rfe1 Rad8 14. Ne5 Bxe5
15. dxe5 Qe7 16. Rad1 Nb6 17. Bb3 Nd5 18. Bxd5 Rxd5 19. c4 Rxd1 20. Rxd1 Rd8
21. Rxd8+ Qxd8 22. Nf1 Qd4 23. b3 Kf8 24. Qd2 Qxd2 25. Nxd2 Ke7 26. c5 b6 27.
b4 f6 28. f4 Bd3 29. Kf2 g5 30. g3 gxf4 31. gxf4 fxe5 32. fxe5 bxc5 33. bxc5
Kf7 34. Ke3 Bb5 35. Ne4 Kg6 36. Kf4 Kh5 37. Nd6 a6 38. Nf7 Bc4 39. a3 Kg6 40.
Nd6 Bd5 41. Kg4 a5 42. Nb7 a4 43. Nd8 Kg7 44. h4 Kg6 45. Nb7 Bb3 46. Nd6 Kg7
47. Ne4 Bd1+ 48. Kf4 Kg6 49. Nf6 Be2 50. Ng8 Kh5 51. Kg3 Bc4 52. Kf4 Kg6 53.
Ne7+ Kh5 54. Nxc6 Kxh4 55. Nd4 Kh3 56. c6 h5 57. c7 Ba6 58. Nxe6 h4 59. Ng5+
Kg2 60. e6 h3 61. Nxh3 1-0

[Event "I Open Distrito de Chamartin 2012"]
[Site "Madrid ESP"]
[Date "2012.09.13"]
[Round "7.1"]
[White "Barria Zuniga, Daniel"]
[Black "Taboas Rodriguez, Daniel"]
[Result "1/2-1/2"]
[WhiteElo "2432"]
[BlackElo "2402"]
[PlyCount "61"]
[EventDate "2012.09.09"]
[EventType "swiss"]
[EventRounds "9"]
[EventCountry "ESP"]
[Source "lmi"]
[SourceDate "2012.09.09"]

1. d4 Nf6 2. c4 g6 3. Nc3 Bg7 4. e3 O-O 5. Nge2 b6 6. e4 Bb7 7. f3 c5 8. d5 d6
9. g4 e6 10. Ng3 exd5 11. exd5 Nfd7 12. f4 Qh4 13. Kf2 Bxc3 14. bxc3 Nf6 15. g5
Nh5 16. Qf3 Bc8 17. Kg1 Bg4 18. Qf2 f6 19. Ne4 Qxf2+ 20. Kxf2 fxg5 21. Rg1 Bf5
22. Nxd6 Nxf4 23. Rxg5 Bh3 24. Bxf4 Rxf4+ 25. Kg1 Bxf1 26. Rxf1 Rxf1+ 27. Kxf1
Nd7 28. Ke2 Rf8 29. Rg4 Nf6 30. Rf4 Kg7 31. a4 1/2-1/2

[Event "I Open Distrito de Chamartin 2012"]
[Site "Madrid ESP"]
[Date "2012.09.13"]
[Round "7.2"]
[White "Vera Gonzalez-Quevedo, Reynaldo"]
[Black "Perez Gonzalez, Jose Manuel"]
[Result "1-0"]
[WhiteElo "2481"]
[BlackElo "2333"]
[PlyCount "91"]
[EventDate "2012.09.09"]
[EventType "swiss"]
[EventRounds "9"]
[EventCountry "ESP"]
[Source "lmi"]
[SourceDate "2012.09.09"]

1. d4 Nf6 2. Nf3 g6 3. c4 c5 4. d5 b5 5. cxb5 a6 6. b6 d6 7. Nc3 Nbd7 8. e4 Bg7
9. Be2 O-O 10. O-O Bb7 11. a4 a5 12. Bf4 Nxb6 13. Qd2 Nh5 14. Bh6 e5 15. dxe6
fxe6 16. Bxg7 Nxg7 17. Qh6 Qe7 18. Ng5 Ne8 19. Ra3 Bc6 20. Nb5 Nf6 21. Rh3 Rad8
22. Nxd6 Rxd6 23. e5 Rd7 24. exf6 Rxf6 25. Rb3 Qd8 26. Bg4 Bd5 27. Re3 Re7 28.
Qh4 Qf8 29. Rfe1 h6 30. Nxe6 Bxe6 31. Bxe6+ Kg7 32. b3 Qd8 33. h3 Qd6 34. Bc4
Rxe3 35. Rxe3 Rf4 36. Qg3 Nxc4 37. bxc4 Qf6 38. Rb3 g5 39. Rb7+ Kg6 40. Qd3+
Qf5 41. Qd6+ Qf6 42. Qd3+ Qf5 43. Qd6+ Qf6 44. Qxc5 Qa1+ 45. Kh2 Qxa4 46. Qd6+
1-0

[Event "I Open Distrito de Chamartin 2012"]
[Site "Madrid ESP"]
[Date "2012.09.13"]
[Round "7.3"]
[White "Elissalt Cardenas, Hector"]
[Black "Unciti Juan, Javier"]
[Result "1-0"]
[WhiteElo "2353"]
[BlackElo "2143"]
[PlyCount "69"]
[EventDate "2012.09.09"]
[EventType "swiss"]
[EventRounds "9"]
[EventCountry "ESP"]
[Source "lmi"]
[SourceDate "2012.09.09"]

1. d4 e6 2. c4 d5 3. cxd5 exd5 4. Nc3 c5 5. Nf3 Nc6 6. g3 Nf6 7. Bg2 Be7 8. O-O
O-O 9. Bg5 cxd4 10. Nxd4 h6 11. Be3 Re8 12. Rc1 Bg4 13. Qa4 Qd7 14. Rfd1 Bh3
15. Nxc6 bxc6 16. b4 Bxg2 17. Kxg2 Qe6 18. Bd4 Nd7 19. Qa5 Bd8 20. Qa6 Bb6 21.
e3 h5 22. h4 Bxd4 23. Rxd4 Nb6 24. Ne2 g6 25. Nf4 Qc8 26. Qd3 Qd7 27. Nxg6 fxg6
28. Qxg6+ Qg7 29. Qxh5 Re5 30. Qd1 Qh6 31. Rg4+ Kf7 32. b5 Nc4 33. bxc6 Qxc6
34. Qf3+ Ke7 35. Rgxc4 1-0

[Event "I Open Distrito de Chamartin 2012"]
[Site "Madrid ESP"]
[Date "2012.09.13"]
[Round "7.4"]
[White "Gonzalez Mateos, Rafael"]
[Black "Hernandez Carmenate, Holden"]
[Result "0-1"]
[WhiteElo "2161"]
[BlackElo "2561"]
[PlyCount "108"]
[EventDate "2012.09.09"]
[EventType "swiss"]
[EventRounds "9"]
[EventCountry "ESP"]
[Source "lmi"]
[SourceDate "2012.09.09"]

1. d4 Nf6 2. c3 d5 3. Bg5 Bf5 4. Qb3 Nbd7 5. Nf3 e6 6. Nbd2 Be7 7. e3 O-O 8.
Nh4 Bg6 9. Nxg6 hxg6 10. h3 c5 11. Be2 c4 12. Qc2 b5 13. Bf3 Ne8 14. Bxe7 Qxe7
15. O-O Rb8 16. e4 dxe4 17. Bxe4 Nd6 18. Bf3 Rfc8 19. a3 e5 20. Rfe1 Rc7 21.
Rad1 Qf6 22. Ne4 Nxe4 23. Qxe4 exd4 24. Qxd4 Nc5 25. Qxf6 gxf6 26. Re2 Kf8 27.
Kf1 Re8 28. Rd5 a6 29. Rd6 Rxe2 30. Bxe2 Ke7 31. Rb6 Rd7 32. Rc6 Na4 33. Rxa6
Nxb2 34. Rb6 Rd5 35. Rb7+ Kf8 36. Bf3 Rc5 37. Ke2 Nd3 38. Rb6 Kg7 39. Kd2 Re5
40. Ra6 Nxf2 41. a4 bxa4 42. Rxa4 Ne4+ 43. Kc2 Nd6 44. Ra6 Nf5 45. Rc6 Ne3+ 46.
Kd2 f5 47. Be2 f4 48. Bxc4 Rg5 49. Be2 Rxg2 50. Kd3 Rg3 51. h4 Nf5+ 52. Kd2 f3
53. Bc4 Rg2+ 54. Ke1 Ne3 0-1

[Event "I Open Distrito de Chamartin 2012"]
[Site "Madrid ESP"]
[Date "2012.09.13"]
[Round "7.5"]
[White "Spitzer Isbert, Ramon"]
[Black "Almagro Llamas, Pablo"]
[Result "0-1"]
[WhiteElo "2078"]
[BlackElo "2455"]
[PlyCount "52"]
[EventDate "2012.09.09"]
[EventType "swiss"]
[EventRounds "9"]
[EventCountry "ESP"]
[Source "lmi"]
[SourceDate "2012.09.09"]

1. d4 Nf6 2. Nf3 e6 3. c4 c5 4. Nc3 cxd4 5. Nxd4 Be7 6. Ndb5 d6 7. Bf4 e5 8.
Bg5 a6 9. Bxf6 gxf6 10. Na3 Be6 11. e3 Nd7 12. Be2 f5 13. O-O Nb6 14. Qb3 Rc8
15. Rac1 Rc5 16. Na4 Nxa4 17. Qxa4+ Qd7 18. Bd1 O-O 19. Qxd7 Bxd7 20. Bb3 Rfc8
21. Nc2 b5 22. cxb5 axb5 23. Rfd1 Be6 24. Bxe6 fxe6 25. Rd2 e4 26. Kf1 Bf6 0-1

[Event "I Open Distrito de Chamartin 2012"]
[Site "Madrid ESP"]
[Date "2012.09.13"]
[Round "7.6"]
[White "Serrano Salvador, Eduardo"]
[Black "Avendano Mateos, Jose"]
[Result "1-0"]
[WhiteElo "2319"]
[BlackElo "2014"]
[PlyCount "63"]
[EventDate "2012.09.09"]
[EventType "swiss"]
[EventRounds "9"]
[EventCountry "ESP"]
[Source "lmi"]
[SourceDate "2012.09.09"]

1. d4 d5 2. c4 c6 3. Nf3 e6 4. e3 f5 5. Ne5 Nf6 6. Nc3 Bd6 7. f4 O-O 8. Be2
Nbd7 9. O-O Ne4 10. Nxe4 fxe4 11. Bd2 Nxe5 12. fxe5 Rxf1+ 13. Qxf1 Be7 14. Bh5
g6 15. Bg4 Bd7 16. Qf2 Qf8 17. Qg3 Qh6 18. Rc1 Rc8 19. a3 g5 20. Bb4 Bxb4 21.
axb4 a6 22. b3 Qg6 23. Qh3 h6 24. Bh5 Qg7 25. Qg3 Be8 26. Bg4 Bd7 27. Rf1 Rf8
28. Rf6 Rxf6 29. exf6 Qf8 30. Qc7 Bc8 31. Bh5 e5 32. Qxe5 1-0

[Event "I Open Distrito de Chamartin 2012"]
[Site "Madrid ESP"]
[Date "2012.09.13"]
[Round "7.7"]
[White "Nieto De La Cruz, Julio"]
[Black "Longa Yauca, Javier"]
[Result "0-1"]
[WhiteElo "2139"]
[BlackElo "2289"]
[PlyCount "49"]
[EventDate "2012.09.09"]
[EventType "swiss"]
[EventRounds "9"]
[EventCountry "ESP"]
[Source "lmi"]
[SourceDate "2012.09.09"]

1. d4 Nf6 2. c4 e6 3. Nc3 Bb4 4. e3 O-O 5. Bd3 d5 6. Nge2 b6 7. O-O Bb7 8. cxd5
exd5 9. Ng3 Re8 10. Bd2 Bf8 11. Rc1 c5 12. Nce2 Nc6 13. dxc5 bxc5 14. Bc3 Nd7
15. Nf4 d4 16. Bd2 Nde5 17. Bb5 Qb6 18. Ba4 Rad8 19. exd4 Rxd4 20. Nf5 Red8 21.
Nxd4 Nxd4 22. Rc3 Qxb2 23. Qh5 Qxd2 24. Rh3 h6 25. Qxe5 0-1

[Event "I Open Distrito de Chamartin 2012"]
[Site "Madrid ESP"]
[Date "2012.09.13"]
[Round "7.8"]
[White "Abul, Qasem"]
[Black "Sanchez Gonzalez, Sergio"]
[Result "0-1"]
[WhiteElo "2030"]
[BlackElo "2273"]
[PlyCount "136"]
[EventDate "2012.09.09"]
[EventType "swiss"]
[EventRounds "9"]
[EventCountry "ESP"]
[Source "lmi"]
[SourceDate "2012.09.09"]

1. e4 c5 2. Nf3 d6 3. d4 Nf6 4. Nc3 cxd4 5. Nxd4 e6 6. Be2 a6 7. O-O Be7 8. f4
Qc7 9. Kh1 O-O 10. a4 Nc6 11. Be3 Re8 12. Nb3 b6 13. Qe1 Nb4 14. Qf2 Rb8 15.
Bf3 e5 16. f5 d5 17. exd5 Bxf5 18. Rac1 Bg6 19. Rfd1 e4 20. Be2 Bd6 21. Qh4 Be5
22. Rd2 Bxc3 23. d6 Qd7 24. bxc3 Nbd5 25. Bg5 e3 26. Rd4 Nxc3 27. Bxa6 e2 28.
Bd2 Nfe4 29. Be1 Ra8 30. Bb5 Nxb5 31. axb5 Nxd6 32. Bg3 Qf5 33. Nd2 Nxb5 34.
Rf4 Qd5 35. Be1 Na3 36. Rd4 Qf5 37. Rf4 Qe5 38. Nf3 Qb2 39. Bd2 Nxc2 40. h3 Ra1
41. Rxa1 Qxa1+ 42. Ne1 Nxe1 43. Qxe1 Qxe1+ 44. Bxe1 Rd8 45. Kg1 b5 46. Kf2 Bd3
47. Ba5 Rd5 48. Rf3 h6 49. Bc3 Bc4 50. Rg3 Rd1 51. Be1 b4 52. Rg4 b3 53. Rxc4
b2 54. Rc8+ Kh7 55. Rb8 b1=Q 56. Rxb1 Rxb1 57. Kxe2 g5 58. Bc3 Kg6 59. Kf2 f5
60. Be5 f4 61. g3 Kf5 62. Bg7 h5 63. Kg2 Rc1 64. gxf4 gxf4 65. Bf8 Ke4 66. h4
Rc2+ 67. Kh3 f3 68. Bh6 Rg2 0-1

[Event "I Open Distrito de Chamartin 2012"]
[Site "Madrid ESP"]
[Date "2012.09.13"]
[Round "7.9"]
[White "Lopez Garralon, Miguel"]
[Black "Fernandez Lledo, Javier"]
[Result "0-1"]
[WhiteElo "1947"]
[BlackElo "2202"]
[PlyCount "48"]
[EventDate "2012.09.09"]
[EventType "swiss"]
[EventRounds "9"]
[EventCountry "ESP"]
[Source "lmi"]
[SourceDate "2012.09.09"]

1. e4 d6 2. Nc3 Nc6 3. Bc4 Nf6 4. d3 Na5 5. Bb3 Nxb3 6. axb3 g6 7. h3 Bg7 8.
Nce2 O-O 9. f4 e5 10. Nf3 Nh5 11. fxe5 dxe5 12. Be3 f5 13. O-O f4 14. Bc5 Re8
15. Nc3 Ng3 16. Rf2 g5 17. d4 b6 18. dxe5 bxc5 19. Qd5+ Qxd5 20. Nxd5 Bxe5 21.
Nxe5 Rxe5 22. Nxc7 Rb8 23. Rd2 Bb7 24. Nd5 Nxe4 0-1

[Event "I Open Distrito de Chamartin 2012"]
[Site "Madrid ESP"]
[Date "2012.09.13"]
[Round "7.10"]
[White "Acuna Celada, Ivan"]
[Black "Garcia Salamero, Hector"]
[Result "1-0"]
[WhiteElo "2152"]
[BlackElo "1868"]
[PlyCount "75"]
[EventDate "2012.09.09"]
[EventType "swiss"]
[EventRounds "9"]
[EventCountry "ESP"]
[Source "lmi"]
[SourceDate "2012.09.09"]

1. e4 e5 2. Nf3 Nc6 3. Bb5 a6 4. Ba4 Nf6 5. O-O Nxe4 6. d4 b5 7. Bb3 d5 8. dxe5
Be6 9. Qe2 g6 10. Rd1 Ne7 11. c4 c6 12. cxd5 cxd5 13. Bc2 Nc5 14. Bg5 Bg7 15.
Nc3 O-O 16. b4 Nb7 17. a3 Rc8 18. Bxe7 Qxe7 19. Nxd5 Bxd5 20. Rxd5 Rfd8 21. Be4
Rxd5 22. Bxd5 Nd6 23. Re1 Nc4 24. e6 f6 25. Rc1 Bh6 26. Rc2 Rd8 27. Bxc4 bxc4
28. Rxc4 Rd6 29. Nd4 Bf4 30. g3 Be5 31. Nc6 Qxe6 32. Nxe5 fxe5 33. Re4 Rd5 34.
Kg2 Qc6 35. Qc4 Qd6 36. Qc8+ Kg7 37. Qb7+ Kg8 38. Rc4 1-0

[Event "I Open Distrito de Chamartin 2012"]
[Site "Madrid ESP"]
[Date "2012.09.13"]
[Round "7.11"]
[White "Zhynguel Ramirez De Verger, Aleksei"]
[Black "Collado Barbas, Laura"]
[Result "1/2-1/2"]
[WhiteElo "1704"]
[BlackElo "2149"]
[PlyCount "59"]
[EventDate "2012.09.09"]
[EventType "swiss"]
[EventRounds "9"]
[EventCountry "ESP"]
[Source "lmi"]
[SourceDate "2012.09.09"]

1. d4 d5 2. Bf4 Nf6 3. e3 c5 4. c3 Nc6 5. Nd2 Bf5 6. Ngf3 e6 7. Be2 h6 8. h3
Ne4 9. Qb3 Qc8 10. Nxe4 Bxe4 11. O-O c4 12. Qb5 Be7 13. Ne5 O-O 14. Nxc6 bxc6
15. Qa5 Bd8 16. Qa3 Bc7 17. Bxc7 Qxc7 18. b3 cxb3 19. axb3 Rfb8 20. b4 Qe7 21.
Ra2 Qg5 22. g3 Qf5 23. Bg4 Qg6 24. Be2 Bd3 25. Bxd3 Qxd3 26. Rfa1 Qc4 27. Qb2
a6 28. Ra5 Qd3 29. R1a3 Rb6 30. Qa1 1/2-1/2

[Event "I Open Distrito de Chamartin 2012"]
[Site "Madrid ESP"]
[Date "2012.09.13"]
[Round "7.13"]
[White "Rodriguez Gomez, Vicente"]
[Black "Gomez Gonzalez, Javier"]
[Result "1/2-1/2"]
[WhiteElo "1992"]
[BlackElo "2137"]
[PlyCount "59"]
[EventDate "2012.09.09"]
[EventType "swiss"]
[EventRounds "9"]
[EventCountry "ESP"]
[Source "lmi"]
[SourceDate "2012.09.09"]

1. e4 c5 2. c3 d5 3. exd5 Qxd5 4. d4 e5 5. dxe5 Qxd1+ 6. Kxd1 Nc6 7. Be2 Bf5 8.
Nf3 O-O-O+ 9. Ke1 Nge7 10. Nbd2 Ng6 11. Nc4 f6 12. Nd6+ Bxd6 13. exd6 Rxd6 14.
Be3 b6 15. Rd1 Rhd8 16. Rxd6 Rxd6 17. Nd2 Nce5 18. Ba6+ Kd8 19. b3 Bd3 20. Bxd3
Nxd3+ 21. Ke2 Ngf4+ 22. Kf3 g5 23. Nc4 Rd7 24. Bxf4 Nxf4 25. g3 Ng6 26. Ne3 Ke7
27. Rd1 Rxd1 28. Nxd1 Ke6 29. c4 h5 30. h3 1/2-1/2

[Event "I Open Distrito de Chamartin 2012"]
[Site "Madrid ESP"]
[Date "2012.09.13"]
[Round "7.14"]
[White "Garcia Sanz, Eduardo"]
[Black "Cerrato Torrijos, Maria"]
[Result "1/2-1/2"]
[WhiteElo "1988"]
[BlackElo "2120"]
[PlyCount "153"]
[EventDate "2012.09.09"]
[EventType "swiss"]
[EventRounds "9"]
[EventCountry "ESP"]
[Source "lmi"]
[SourceDate "2012.09.09"]

1. e4 c5 2. Nf3 d6 3. d4 cxd4 4. Nxd4 Nf6 5. Nc3 g6 6. Bc4 Bg7 7. f3 Nc6 8. Be3
O-O 9. Qd2 Nxd4 10. Bxd4 Be6 11. Nd5 Bxd5 12. exd5 a6 13. O-O b5 14. Bb3 Nd7
15. Bxg7 Kxg7 16. Qd4+ Kg8 17. Rfe1 Nc5 18. c3 Re8 19. Re2 Qc7 20. Rae1 Nxb3
21. axb3 Qa7 22. Qxa7 Rxa7 23. Re4 Kf8 24. Rh4 Kg7 25. Rd4 Rc8 26. Kf2 a5 27.
Ra1 Ra6 28. Re1 Rc7 29. Rde4 Kf8 30. Ra1 h5 31. Ke3 Ke8 32. Kd3 Raa7 33. Rh4 e6
34. dxe6 fxe6 35. Re1 Re7 36. g4 hxg4 37. Rh8+ Kd7 38. fxg4 a4 39. bxa4 Rxa4
40. h3 Rf4 41. Rb8 Kc6 42. Rg8 e5 43. Rxg6 e4+ 44. Ke2 e3 45. Rf1 Rxf1 46. Kxf1
Rh7 47. Re6 Rxh3 48. Kg2 Rh4 49. Kg3 Rh1 50. Rxe3 Rg1+ 51. Kf3 Kc5 52. Re2 b4
53. cxb4+ Kxb4 54. Rd2 Kc5 55. Kf4 d5 56. g5 d4 57. Kf5 Kd5 58. g6 Rf1+ 59. Kg5
Ke4 60. Rg2 Kf3 61. g7 Kxg2 62. g8=Q Kf2 63. Qf7+ Ke2 64. Qc4+ d3 65. Qe4+ Kd2
66. b4 Re1 67. Qd4 Ke2 68. Qg4+ Kf2 69. Qf4+ Ke2 70. Qh2+ Kd1 71. Kf4 d2 72.
Qh5+ Kc1 73. Qc5+ Kb1 74. Qf5+ Kc1 75. Qc5+ Kb1 76. Qf5+ Kc1 77. Qc5+ 1/2-1/2

[Event "I Open Distrito de Chamartin 2012"]
[Site "Madrid ESP"]
[Date "2012.09.13"]
[Round "7.15"]
[White "Lopez Heras, Arturo"]
[Black "Alvarez Abejon, Amilcar"]
[Result "1-0"]
[WhiteElo "1976"]
[BlackElo "2105"]
[PlyCount "49"]
[EventDate "2012.09.09"]
[EventType "swiss"]
[EventRounds "9"]
[EventCountry "ESP"]
[Source "lmi"]
[SourceDate "2012.09.09"]

1. e4 e5 2. Nf3 Nc6 3. Bc4 Nf6 4. d3 Bc5 5. O-O a6 6. c3 d6 7. h3 O-O 8. d4 Ba7
9. Re1 exd4 10. cxd4 d5 11. exd5 Nxd5 12. Nc3 Be6 13. Bb3 h6 14. Bc2 Ndb4 15.
Be4 Nxd4 16. Nxd4 Qxd4 17. Qf3 Nc6 18. Be3 Qb4 19. Bxh6 Qxb2 20. Bf4 Nd4 21.
Qg3 Nf5 22. Bxf5 Bxf5 23. Nd5 Rae8 24. Be5 Rxe5 25. Nf6+ 1-0

[Event "I Open Distrito de Chamartin 2012"]
[Site "Madrid ESP"]
[Date "2012.09.13"]
[Round "7.16"]
[White "Alonso Aranzabal, Inigo"]
[Black "Camara Cozar, David"]
[Result "1-0"]
[WhiteElo "1976"]
[BlackElo "2077"]
[PlyCount "109"]
[EventDate "2012.09.09"]
[EventType "swiss"]
[EventRounds "9"]
[EventCountry "ESP"]
[Source "lmi"]
[SourceDate "2012.09.09"]

1. e4 e5 2. Nf3 Nc6 3. d4 exd4 4. Nxd4 Nf6 5. Nxc6 bxc6 6. e5 Qe7 7. Qe2 Nd5 8.
c4 Ba6 9. b3 O-O-O 10. Bb2 Re8 11. Qe4 Nb6 12. Nd2 f6 13. f4 g5 14. g3 fxe5 15.
fxe5 Bg7 16. O-O-O Bxe5 17. Bxe5 Qxe5 18. Qxe5 Rxe5 19. Nf3 Rf5 20. Nd4 Rf2 21.
a4 c5 22. Nb5 Kb8 23. a5 Bb7 24. Rg1 Na8 25. h4 Rhf8 26. hxg5 a6 27. Nc3 R8f7
28. Bh3 R7f3 29. Na4 Rh2 30. Bg2 Rxb3 31. Bxb7 Ra3 32. Rg2 Rxg2 33. Bxg2 Rxa4
34. Rxd7 Rxc4+ 35. Kb2 Rd4 36. Rxd4 cxd4 37. Be4 c5 38. Bxh7 Nc7 39. g6 Ne8 40.
Bg8 Kb7 41. Bf7 Ng7 42. Bd5+ Kc7 43. g4 Ne8 44. Kb3 Ng7 45. Kc4 Ne8 46. Kxc5 d3
47. Kd4 d2 48. Bf3 Kd6 49. Ke3 Ke6 50. Kxd2 Nd6 51. Kc3 Kf6 52. Kb4 Kxg6 53.
Kc5 Nb5 54. Kb6 Nd4 55. Bd1 1-0

[Event "I Open Distrito de Chamartin 2012"]
[Site "Madrid ESP"]
[Date "2012.09.13"]
[Round "7.17"]
[White "Nunez Miranda, Adrian"]
[Black "Martin Martin, Luis Vicente"]
[Result "1-0"]
[WhiteElo "1971"]
[BlackElo "2069"]
[PlyCount "123"]
[EventDate "2012.09.09"]
[EventType "swiss"]
[EventRounds "9"]
[EventCountry "ESP"]
[Source "lmi"]
[SourceDate "2012.09.09"]

1. e4 e6 2. b3 b6 3. Bb2 Bb7 4. d3 Nf6 5. Nd2 Bc5 6. Be2 O-O 7. Nh3 d5 8. e5
Nfd7 9. d4 Be7 10. O-O c5 11. c3 Ba6 12. f4 Bxe2 13. Qxe2 Nc6 14. Qg4 cxd4 15.
cxd4 g6 16. Nf2 Nb4 17. Qh3 Rc8 18. Bc3 b5 19. g4 Qb6 20. Rfc1 f5 21. g5 Nc6
22. Nf3 Ba3 23. Rd1 b4 24. Bd2 Nxd4 25. Nxd4 Qxd4 26. Be3 Qc3 27. Bxa7 Qxh3 28.
Nxh3 Rc2 29. Bd4 Rfc8 30. Kh1 Nb8 31. Ng1 Nc6 32. Nf3 Kf7 33. Rd3 Bc1 34. Ne1
Nxd4 35. Nxc2 Rxc2 36. Rxd4 Bb2 37. Rad1 Bc3 38. R4d3 Rxa2 39. Rh3 Kg7 40. Rdd3
d4 41. Rh6 Kg8 42. Rdh3 Ra7 43. Rd3 Rc7 44. Kg2 Bb2 45. Kf2 Rc2+ 46. Kf3 Bc3
47. Rd1 Ra2 48. h4 Ra3 49. h5 gxh5 50. g6 hxg6 51. Rxg6+ Kh7 52. Rdg1 Ra7 53.
R6g5 Kh8 54. Rxh5+ Rh7 55. Rxh7+ Kxh7 56. Ke2 Kh6 57. Kd3 Kh5 58. Rg8 Kh6 59.
Re8 Kh5 60. Rxe6 Kg4 61. Ra6 Kxf4 62. e6 1-0

[Event "I Open Distrito de Chamartin 2012"]
[Site "Madrid ESP"]
[Date "2012.09.13"]
[Round "7.18"]
[White "Noval Toldos, Francisco Javier"]
[Black "Cano Cabanillas, Javier"]
[Result "1/2-1/2"]
[WhiteElo "1956"]
[BlackElo "2027"]
[PlyCount "60"]
[EventDate "2012.09.09"]
[EventType "swiss"]
[EventRounds "9"]
[EventCountry "ESP"]
[Source "lmi"]
[SourceDate "2012.09.09"]

1. d4 Nf6 2. c4 g6 3. Nf3 Bg7 4. g3 d5 5. Bg2 dxc4 6. Qa4+ Nfd7 7. O-O Nc6 8.
Rd1 Nb6 9. Qb5 O-O 10. Be3 a6 11. Qc5 Be6 12. Nc3 Nd5 13. Rac1 Ncb4 14. Nxd5
Nxd5 15. Ne5 Nxe3 16. fxe3 c6 17. Nxc4 Bxc4 18. Qxc4 Bh6 19. Rd3 e6 20. Rf1 Qc7
21. e4 Rad8 22. e5 Rd7 23. b4 Qd8 24. Rfd1 Qc7 25. Kf2 Rfd8 26. e3 Qb6 27. Qc5
Qc7 28. Ke2 Bf8 29. Qc4 Qb6 30. a3 Be7 1/2-1/2